000 00289nam a22001337a 4500
008 260105b ||||| |||| 00| 0 eng d
020 _a97899515/8301
041 _aeng
080 _a659
100 _a24
101 _amedia
245 _aEtosi i Humbur
_cGjylie Rexha
942 _2lcc
_cBK
999 _c60747
_d60747